| 000 | 01275nam1a2200457 i 4500 | ||
|---|---|---|---|
| 001 | RU\NLR\bibl\14306 | ||
| 005 | 20260406112854.0 | ||
| 010 | _a5-300-02004-4 | ||
| 035 | _a(NLR Aleph) 000013961 | ||
| 090 |
_a55231 _c55231 |
||
| 100 | _a19990224g19989999u y0rusy50 ca | ||
| 101 | 0 | _arus | |
| 102 | _aRU | ||
| 105 | _aa ||||||||| | ||
| 200 | 1 |
_aСобрание сочинений _eВ 15 т. _fИ.С. Тургенев |
|
| 210 |
_aМ. _cТерра _d1998 |
||
| 215 | _d21 | ||
| 463 | 0 | _100113783 | |
| 463 | 0 | _100113784 | |
| 463 | 0 | _100114963 | |
| 463 | 0 | _100114968 | |
| 463 | 0 | _100131637 | |
| 463 | 0 | _100146234 | |
| 463 | 0 | _100146228 | |
| 463 | 0 | _100140357 | |
| 463 | 0 | _100140359 | |
| 463 | 0 | _100147521 | |
| 463 | 0 | _100147517 | |
| 463 | 0 | _100147512 | |
| 463 | 0 | _100164574 | |
| 463 | 0 | _100164580 | |
| 463 | 0 | _100165725 | |
| 686 | _aШ6(2=Р)52я44 | ||
| 700 | 1 |
_4070 _8rus _7ca _aТургенев _bИ. С. _f1818-1883 _gИван Сергеевич _3RU\NLR\auth\77102 _9110198 |
|
| 801 | 0 |
_aRU _bNLR _c19990224 _gPSBO |
|
| 801 | 1 |
_aRU _bNLR _c19990224 |
|
| 830 | _aАвт. и даты раскрыты по кн. | ||
| 852 |
_aNLR _j98-3/5621 |
||
| 942 | _cBOOK | ||